00510nam a2200169Ia 450000500170000000800410001708200130005810000120007124500370008326000280012030000130014865000310016165000280019294200060022095200990022699900150032520250312020714.0240331s9999 xx 000 0 und d bEELa894 aVibhavi 0aEelathu samakala tamil ilakkiyam aNugegodabVibhavic1999 a112 p ., aKalai Ilakiyath thiranaivu aIllathu Tamil Illakiyam cL 001040708LaWERCLbWERCLcSSCd2024-03-31l0o 894.811 EELp6199r2024-03-31w2024-03-31yL c4586d4586